000 00690pam a2200253 i 4500
002 28709
005 20230410143438.0
008 780227s1978 njua 001 0 eng
035 _9(DLC) 78003536
035 _a3208734
010 _a78003536
020 _a0931402018.
_a093140200X
_bpbk.
040 _aDLC
_cDLC
_dDLC
043 _an-us-va
001 14aGB 606bG981d 1978
082 0 0 _a917.55/94
100 1 _aGurnee, Russell H.
245 1 0 _aDiscovery of Luray caverns, Virginia /
_cRussell H. Gurnee.
260 _aCloster, N.J. :
_bGurnee,
_cc1978.
300 _a107 p. :
_bill. ;
_c26 cm.
500 _aIncludes index.
651 0 _aLuray Caverns, Va.
942 _2lcc
_cbk
999 _c101817
_d101817